Catálogo
 En Linea

Fernando Birri : (Registro nro. 42132)

Detalles MARC
000 -CABECERA
campo de control de longitud fija 00689nam a2200181 a 4500
001 - NÚMERO DE CONTROL
campo de control 000042643
005 - FECHA Y HORA DE LA ÚLTIMA TRANSACCIÓN
campo de control 20201002040308.0
008 - DATOS DE LONGITUD FIJA--INFORMACIÓN GENERAL
campo de control de longitud fija 140203s1996 sp a 000 0 spa d
020 ## - NÚMERO INTERNACIONAL ESTÁNDAR DEL LIBRO
Número Internacional Estándar del Libro 8437614341
040 ## - FUENTE DE LA CATALOGACIÓN
Centro catalogador/agencia de origen DO-SdBNP
Lengua de catalogación spa
Centro/agencia transcriptor BNPHU
100 1# - ENTRADA PRINCIPAL--NOMBRE DE PERSONA
Nombre de persona Birri, Fernando
Fechas asociadas al nombre 1925-
9 (RLIN) 69919
245 10 - MENCIÓN DE TÍTULO
Título Fernando Birri :
Resto del título el alquimista poético-político: por un nuevo nuevo nuevo cine latinoamericano, 1956-1991 /
Mención de responsabilidad, etc. Fernando Birri.
260 ## - PUBLICACIÓN, DISTRIBUCIÓN, ETC.
Lugar de publicación, distribución, etc. Madrid, :
Nombre del editor, distribuidor, etc. Cátedra
-- Filmoteca Española,
Fecha de publicación, distribución, etc. 1996.
300 ## - DESCRIPCIÓN FÍSICA
Extensión 354 p. :
Otras características físicas il. ;
Dimensiones 18 cm.
490 1# - MENCIÓN DE SERIE
Mención de serie Signo e Imagen
-- Cineastas Latinoamericanos
Designación de volumen o secuencia 29
590 ## - NOTA LOCAL (RLIN)
Nota local Inventariado, 2019/VM
830 #0 - PUNTO DE ACCESO ADICIONAL DE SERIE-TÍTULO UNIFORME
Título uniforme Signo e Imagen
Nombre de parte o sección de la obra Cineastas Latinoamericanos
Designación de volumen o secuencia 29
9 (RLIN) 69920
Existencias
Estado de retiro Estado de pérdida Restricciones de uso No para préstamo Código de colección Localización permanente Ubicación/localización actual Ubicación en estantería Fecha de adquisición Número de inventario Total de préstamos Signatura topográfica completa Código de barras Fecha visto por última vez Precio válido a partir de Tipo de ítem Koha
      Excluido de préstamo Monografías: Libros y Folletos General General En catalogación 03.02.2014 LF1   42643-10 25.06.2020 25.06.2020 No se presta

Con tecnología Koha